|
|
|
|
| LEADER |
01005nam a22002297a 4500 |
| 001 |
29877 |
| 003 |
BD-DhAAL |
| 008 |
171123t2010 bg a|||||b||| 00| 0 eng d |
| 999 |
|
|
|c 38612
|d 38612
|
| 020 |
|
|
|a 9789843319166
|
| 040 |
|
|
|a BD-DhAAL
|
| 082 |
|
|
|2 23
|a 333.794095492
|
| 100 |
|
|
|a Kamal, Sajed
|9 23891
|
| 245 |
|
|
|a The untapped energy mine :
|b the revolutionary scope of renewable energy to fight climate change revitalize the economy and gain energy independence for Bangladesh /
|c Sajed Kamal
|
| 260 |
|
|
|a Dhaka ;
|a New York ;
|a London :
|b Scholars Publishers,
|c c2010
|
| 300 |
|
|
|a 91 pages :
|b illustrations ;
|c 25 cm.
|
| 504 |
|
|
|a Includes bibliographical references (pages 83-86)
|
| 526 |
|
|
|a AAL
|
| 541 |
|
|
|a Complimentary copy
|e 29877
|
| 650 |
|
|
|a Renewable energy sources
|z Bangladesh
|9 23892
|
| 942 |
|
|
|2 ddc
|c BK
|
| 952 |
|
|
|0 0
|1 0
|2 ddc
|4 0
|6 333_794095492000000_KAM
|7 0
|9 61950
|a BRACUL
|b BRACUL
|c GEN
|d 2017-11-23
|e Complimentary copy
|l 1
|m 8
|o 333.794095492 KAM
|p 3010029877
|r 2023-06-04
|s 2023-04-02
|t 1
|w 2017-11-23
|y BK
|